| 000 | 00389nam a2200121Ia 4500 | ||
|---|---|---|---|
| 008 | 220620s9999||||xx |||||||||||||| ||und|| | ||
| 245 | 0 |
_aMobile Health Technologies _bTheories and Applications |
|
| 546 | _aEnglish[eng] | ||
| 650 | _aMedical bioinformatics | ||
| 700 | _aBonney, Wilfred | ||
| 856 | _uhttps://mts.intechopen.com/storage/books/5172/authors_book/authors_book.pdf | ||
| 942 | _cEB | ||
| 999 |
_c25684 _d25684 |
||